Организация и проведение дебатов в обучении профессиональному иностранному языку; Межкультурная коммуникация: теория и практика; Ч. 2

Dettagli Bibliografici
Parent link:Межкультурная коммуникация: теория и практика: сборник статей X Международной научно-практической конференции "Лингвистические и культурологические традиции образования", 12-14 ноября 2010 г., Томск/ Национальный исследовательский Томский политехнический университет (ТПУ), Энергетический институт (ЭНИН) ; под ред. Н. А. Качалова.— , 2010.— 5-87307-103-9
Ч. 2.— 2010.— С. 212-217
Autore principale: Юрова М. В. Мария Владимировна
Lingua:inglese
Pubblicazione: 2010
Soggetti:
Natura: MixedMaterials Capitolo di libro
KOHA link:https://koha.lib.tpu.ru/cgi-bin/koha/opac-detail.pl?biblionumber=238820

MARC

LEADER 00000naa2a2200000 4500
001 238820
005 20231031205235.0
035 |a (RuTPU)RU\TPU\book\260028 
035 |a RU\TPU\book\259997 
090 |a 238820 
100 |a 20130531d2010 k y0rusy50 ca 
101 0 |a eng 
102 |a RU 
200 1 |a Организация и проведение дебатов в обучении профессиональному иностранному языку  |f М. В. Юрова 
320 |a Библиогр.: с. 216-217 (4 назв.) 
461 0 |0 (RuTPU)RU\TPU\book\251515  |y 5-87307-103-9  |t Межкультурная коммуникация: теория и практика  |o сборник статей X Международной научно-практической конференции "Лингвистические и культурологические традиции образования", 12-14 ноября 2010 г., Томск  |o в 2 ч.  |f Национальный исследовательский Томский политехнический университет (ТПУ), Энергетический институт (ЭНИН) ; под ред. Н. А. Качалова  |d 2010 
463 0 |0 (RuTPU)RU\TPU\book\250302  |t Ч. 2  |v С. 212-217  |d 2010  |p 234 с. 
610 1 |a труды учёных ТПУ 
610 1 |a иностранные языки 
610 1 |a обучение 
610 1 |a профессиональный иностранный язык 
610 1 |a дебаты 
610 1 |a организация 
610 1 |a проведение 
700 1 |a Юрова  |b М. В.  |c лингвист  |c старший преподаватель Томского политехнического университета  |g Мария Владимировна  |2 stltpush  |3 (RuTPU)RU\TPU\pers\26703 
801 1 |a RU  |b 63413507  |c 20130528 
801 2 |a RU  |b 63413507  |c 20130914  |g RCR 
942 |c BK